Любовь: пер. с болг.

Бібліографічні деталі
Автор: Василев К. Кирилл
Інші автори: Богданович Л. А. (редактор), Воробьев Л. В. (автор предисловия)
Мова:Російська
Опубліковано: Москва, Прогресс, 1982
Редагування:3-е изд.
Предмети:
Формат: Книга
KOHA link:https://koha.lib.tpu.ru/cgi-bin/koha/opac-detail.pl?biblionumber=317060

MARC

LEADER 00000nam0a2200000 4500
001 317060
005 20231102002933.0
020 |a RU  |b 82-70109 
035 |a (RuTPU)RU\TPU\book\342528 
090 |a 317060 
100 |a 20160404d1982 km y0rusy5003 ca 
101 1 |a rus  |c bul 
102 |a RU 
105 |a y z 001zy 
200 1 |a Любовь  |e пер. с болг.  |f К. Василев  |g под ред. Л. А. Богдановича ; авт. предисл. Л. В. Воробьев 
205 |a 3-е изд. 
210 |a Москва  |c Прогресс  |d 1982 
215 |a 384 с. 
320 |9 572  |a Именной указатель: с. 379-383 
606 1 |a Любовь  |x Этика  |2 stltpush  |3 (RuTPU)RU\TPU\subj\40670  |9 60513 
610 1 |a мужчины 
610 1 |a женщины 
610 1 |a половое влечение 
610 1 |a половой инстинкт 
610 1 |a безумие 
610 1 |a разум 
610 1 |a ощущения 
610 1 |a эстетизация 
686 |a Ю731.3  |2 rubbk 
700 1 |a Василев  |b К.  |g Кирилл  |4 070 
702 1 |a Богданович  |b Л. А.  |4 340 
702 1 |a Воробьев  |b Л. В.  |4 080 
801 0 |a RU  |b RuMRKP  |c 19950704  |g psbo 
801 1 |a RU  |b 63413507  |c 20160404 
801 2 |a RU  |b 63413507  |c 20200716  |g RCR 
942 |c BK